000
00450nam a2200145Ia 4500
008
090124s9999 xx 000 0 und d
082
_b
303839
245
_a
आमचा बाप आन् आम्ही
250
_a
1
260
_b
जाधव नरेंद्र
_c
1999
300
_a
209+21
630
_a
आमचा बाप आन् आम्ही
730
_a
आमचा बाप आन् आम्ही
942
_c
BOOK
999
_c
193476
_d
193476